Dissertatio rhetorica De quaestione an consultum principi plures in sinu reip. tolerare religiones, quam ... praeside M. Jacobo Rechio ... die Januarij a. 1686. propugnabit Theodorus Behmius, Reg. Prussus (Запись № 10348992)

Подробности
000 -МАРКЕР
контрольное поле 01492nam0a22003491 4500
001 - ИДЕНТИФИКАТОР ЗАПИСИ
контрольное поле RU\NLR\A2V1719\9542
005 - ИДЕНТИФИКАТОР ВЕРСИИ
контрольное поле 20260407120953.0
035 ## - ДРУГИЕ СИСТЕМНЫЕ НОМЕРА
Идентификатор записи (NLR Aleph) 009851342
100 ## - ДАННЫЕ ОБЩЕЙ ОБРАБОТКИ
Данные общей обработки 20060315d1686 u y0rusy50 ca
101 0# - ЯЗЫК РЕСУРСА
Язык текста, звукозаписи и т.д. латинский
102 ## - СТРАНА ПУБЛИКАЦИИ ИЛИ ПРОИЗВОДСТВА
Страна публикации российская федерация
200 1# - ЗАГЛАВИЕ И СВЕДЕНИЯ ОБ ОТВЕТСТВЕННОСТИ
Основное заглавие Dissertatio rhetorica De quaestione an consultum principi plures in sinu reip. tolerare religiones, quam ... praeside M. Jacobo Rechio ... die Januarij a. 1686. propugnabit Theodorus Behmius, Reg. Prussus
210 ## - ПУБЛИКАЦИЯ, РАСПРОСТРАНЕНИЕ И ДР.
Место издания, распространения и т.д. Regiomonti [Kaliningrad]
Имя издателя, распространителя и т. д. Ex typographia Reichiana
Дата издания, распространения и т.д. 1686
215 ## - ФИЗИЧЕСКАЯ ХАРАКТЕРИСТИКА
Специфическое обозначение материала и объем [20] с.
Размеры 8°(20 см)
316 ## - ПРИМЕЧАНИЯ ОБ ОСОБЕННОСТЯХ ЭКЗЕМПЛЯРА
Текст примечания Экз. деф.: нет части с. в начале кн. Припл. к: Thegen G. [Disput. De eversione rerumpublicarum].- S.l., [1682?]
Организация и экземпляр, к которому относится поле 36.70.2.306 Аллиг.26
482 #0 - ПРИПЛЕТЕНО К
Встроенное поле 001RU\NLR\A2V1719\6781
-- 2001#$a[Disput. De eversione rerumpublicarum]
-- 700#1$aThegen$bG.$f1651-1729$gGeorg$4070
620 ## - МЕСТО И ДАТА ПУБЛИКАЦИИ, ИСПОЛНЕНИЯ И Т. Д.
Город Kaliningrad
620 ## - МЕСТО И ДАТА ПУБЛИКАЦИИ, ИСПОЛНЕНИЯ И Т. Д.
Город Königsberg
700 #1 - ИМЯ ЛИЦА - ПЕРВИЧНАЯ ОТВЕТСТВЕННОСТЬ
Связь между полями z01790
Начальный элемент ввода Reich
Часть имени, кроме начального элемента ввода J.
Даты 1635-1690
Расширение инициалов личного имени Jakob
Код отношения Автор
702 #1 - ИМЯ ЛИЦА - ВТОРИЧНАЯ ОТВЕТСТВЕННОСТЬ
Связь между полями z02790
Начальный элемент ввода Behm
Часть имени, кроме начального элемента ввода Th.
Расширение инициалов личного имени Theodor
Код отношения Прочие
702 #1 - ИМЯ ЛИЦА - ВТОРИЧНАЯ ОТВЕТСТВЕННОСТЬ
Начальный элемент ввода Reich
Часть имени, кроме начального элемента ввода J.
Расширение инициалов личного имени Jacob
Код отношения Печатник (типограф)
712 02 - НАИМЕНОВАНИЕ ОРГАНИЗАЦИИ - ВТОРИЧНАЯ ОТВЕТСТВЕННОСТЬ
Код отношения Печатник (типограф)
Материалы, к которым относится поле lat
Начальный элемент ввода Typographia reichiana
Идентифицирующий признак Regiomontum
Графика поля Латинская
Идентификатор авторитетной/нормативной записи RU\NLR\AUTH\8810069499
Системный номер авторитетной/нормативной записи 640559
790 #1 - ИМЯ ЛИЦА - АЛЬТЕРНАТИВНАЯ ФОРМА
Связь между полями z01700
Начальный элемент ввода Rechius
Расширение инициалов личного имени Jacobus
Код отношения Автор
790 #1 - ИМЯ ЛИЦА - АЛЬТЕРНАТИВНАЯ ФОРМА
Связь между полями z02702
Начальный элемент ввода Behmius
Расширение инициалов личного имени Theodorus
Код отношения Прочие
801 #0 - ИСТОЧНИК ЗАПИСИ
Страна российская федерация
Организация NLR
Дата составления 20060315
852 ## - МЕСТОНАХОЖДЕНИЕ И ШИФР ХРАНЕНИЯ
Идентификатор организации NLR
Шифр хранения (Call Number) 36.70.2.306 Аллиг.26
942 ## - ДОПОЛНИТЕЛЬНЫЕ ЭЛЕМЕНТЫ ЗАПИСИ (АБИС)
Тип экземпляра АБИС Книга
980 ## - КОЛЛЕКЦИЯ
Название коллекции Национальная библиография
980 ## - КОЛЛЕКЦИЯ
Название коллекции Иностранная рекаталогизация: 17-19 век

Нет доступных экземпляров.